Datum a čas kvízu
30.5
Celkem bodů
Celkový počet nahraných bodů na tomto kvízu bez doplňovacích otázek.
9.
Pořadí na kvízu
Konečné umístění týmu na tomto kvízu.
Zaznamenané odpovědi
| # | Otázka | Odpověď | Body | Výsledky |
|---|---|---|---|---|
| 1. | Čtveřice samců kriticky ohrože... | C) sudokopytníci | 1 | |
| 2. | U pobřeží kterého severoitalsk... | u Terstu | 0 | |
| 3. | Šťastný konec měl příběh o ztr... | ve Frankfurtu | 0 | |
| 4. | Který stát překvapivě a bez ko... | B | 1 | |
| 5. | Jannik Sinner v neděli přepsal... | A | 1 | |
| 6. | Ve filmu Sedm sledujeme detekt... | závist (J. Doe), hněv (detektiv Mills) | 0.5 | |
| 7. | Tato fotka je známým interneto... | Americké psycho | 1 | |
| 8. | Postava Karla Kopfrkingla je p... | chrám smrti | 1 | |
| 9. | Přiřaďte zločince k jejich fil... | 1C 2D 3A 4B | 1 | |
| 10. | Mladý syn se poprvé přímo zapo... | Kmotr, Mario Puzo | 1 |